000 00318nam a2200133Ia 4500
008 151001s9999||||xx |||||||||||||| ||und||
100 _aनिशा लोढा
245 _aविधिलिखित
250 _a1
260 _bमेघना
260 _c2007
300 _a232
365 _b21
999 _c988376
_d988373